Akselivallat toisessa maailmansodassa - Äkkikuolema - Statistics

Yleistilastot
  • Tätä visaa on pelattu 170 kertaa
  • Keskiarvotulos 5 / 11
Answers on the Grid
Answers color-coded by a green-red scale on the quiz's grid according to % correct below.
Albania
Bulgaria
Burma
Espanja
Filippiinit
Irak
Italia
Japani
Jugoslavia
Meksiko
Nepal
Neuvostoliitto
Puola
Romania
Saksa
Sveitsi
Suomi
Thaimaa
Unkari
Yhdysvallat
 
Vastaustilastot
Vastaus % Oikein
Saksa
85%
Japani
81%
Italia
77%
Suomi
61%
Bulgaria
39%
Unkari
35%
Romania
33%
Albania
19%
Burma
11%
Thaimaa
11%
Irak
9%
Ehtoja vastaavia visoja ei löytynyt
Tulosjakauma
Jokaisen tuloksen saaneiden osuus
Persentiili vastausten määrän mukaan
Tuloshistoriasi
Et ole pelannut tätä visaa